Θεωρία και πρακτική της συμβουλευτικής και της ψυχοθεραπείας
Αποθηκεύτηκε σε:
| Κύριος συγγραφέας: | |
|---|---|
| Άλλοι συγγραφείς: | , |
| Μορφή: | Βιβλίο |
| Γλώσσα: | Greek English |
| Δημοσίευση: |
Αθήνα :
Έλλην,
2005.
|
| Έκδοση: | 1η έκδοση. |
| Θέματα: | |
| Ετικέτες: |
Προσθήκη ετικέτας
Δεν υπάρχουν, Καταχωρήστε ετικέτα πρώτοι!
|
MARC
| LEADER | 00000cam a2200000 i 4500 | ||
|---|---|---|---|
| 001 | 1/30712 | ||
| 008 | 130531s2005 gr | ||| |||| ||gre|| | ||
| 020 | |a 960286883X | ||
| 035 | |l 10114607 | ||
| 040 | |a GR-MyUa |b gre |e AACR2 | ||
| 041 | 1 | |a gre |h eng | |
| 082 | 7 | |a 158.35 |2 (22) | |
| 100 | 1 | |a Corey, Gerald. | |
| 245 | 1 | 0 | |a Θεωρία και πρακτική της συμβουλευτικής και της ψυχοθεραπείας / |c Gerald Corey ; μετάφραση: Μαρία Μπαρπάτση ; επιμέλεια: Ευαγγελία Κοτρώτσιου. |
| 250 | |a 1η έκδοση. | ||
| 260 | |a Αθήνα : |b Έλλην, |c 2005. | ||
| 300 | |a 639 σ. ; |c 24 εκ. | ||
| 500 | |a Τίτλος πρωτοτύπου: Theory and practice of counseling and psychotherapy. | ||
| 504 | |a Περιλαμβάνει βιβλιογραφικές παραπομπές. | ||
| 650 | 0 | |a Counseling. | |
| 650 | 0 | |a Psychoanalysis. | |
| 650 | 0 | |a Group psychoanalysis. | |
| 650 | 0 | |a Psychology. | |
| 700 | 0 | |a Μπαρπάτση, Μαρία, |e trlf | |
| 700 | 1 | |a Κοτρώτσιου, Ευαγγελία, |e edtf | |
| 852 | |a INST |b RHODES |e 20140918 |h 158.35 COR |p 005400036821 |q 005400036821 |t BK |y 0 | ||
| 852 | |a INST |b RHODES |c EUDOXUS |e 20130531 |h 158.35 COR |p 005400035297 |q 005400035297 |t EDX |y 0 | ||
| 852 | |a INST |b RHODES |c EUDOXUS |e 20140408 |h 158.35 COR |p 005400036347 |q 005400036347 |t EDX |y 0 | ||
| 852 | |a INST |b RHODES |c EUDOXUS |e 20140408 |h 158.35 COR |p 005400036348 |q 005400036348 |t EDX |y 0 | ||
| 852 | |a INST |b RHODES |c EUDOXUS |e 20140408 |h 158.35 COR |p 005400036349 |q 005400036349 |t EDX |y 0 | ||
| 901 | |a BIBL4-2013-2 | ||
| 901 | |a BIBL4-2014-1 | ||
| 901 | |a BIBL4-2014-3 | ||
| 920 | |a ΕΥΔΟΞΟΣ |b ΠΑΡΑΓΓΕΛΙΑ |y Ρόδος-ΤΕΠΑΕΣ |z 2013-05 | ||
| 920 | |a ΕΥΔΟΞΟΣ |b ΠΑΡΑΓΓΕΛΙΑ |y Ρόδος-ΤΕΠΑΕΣ |z 2014-04 | ||
| 922 | |a 4ΕΛΗ |b 201405 |c ΤΑΚ/ΤΕΠΑΕΣ |d BEST BOOK HUNTERS | ||
| 970 | |z 2013/05/31 | ||